000 01678cam a22005054a 4500
001 muse84814
003 MdBmJHUP
005 20210127151612.0
006 m o d
007 cr||||||||nn|n
008 910813s1990 mx o 00 0 spa d
010 _z 91182405
020 _a9786075640235
020 _z9681204328
020 _z9789681204327
035 _a(OCoLC)1055633717
040 _aMdBmJHUP
_cMdBmJHUP
041 0 _aspaeng
043 _an-mx---
_acl-----
050 0 4 _aPM3002
_b.H6 1990
082 0 _a497
_220
245 0 0 _aHomenaje a Jorge A. Suárez
_blingüística indoamericana e hispánica /
_cedición de Beatriz Garza Cuarón y Paulette Levy.
250 _a1. ed.
264 1 _bColegio de Mexico,
264 3 _bProject MUSE,
300 _a1 online resource (521 p.) :
_bill. ;
500 _aSpanish and English.
504 _aIncludes bibliographical references.
506 0 _aOpen Access
_fUnrestricted online access
_2star
588 _aDescription based on print version record.
650 0 _aSpanish language
_zLatin America.
650 0 _aIndians
_xLanguages.
650 0 _aIndians of Mexico
_xLanguages.
655 7 _aElectronic books.
_2local
700 1 _aLevy Podolsky, Paulette.
700 1 _aGarza Cuarón, Beatriz.
700 1 _aSuárez, Jorge A.
710 2 _aProject Muse.
_edistributor
830 0 _aBook collections on Project MUSE.
856 4 0 _zFull text available:
_uhttps://muse.jhu.edu/book/74553/
999 _c26363
_d26363